Ciencia y poesía: díalogo con Claudio Teitelboim

Αποθηκεύτηκε σε:
Λεπτομέρειες βιβλιογραφικής εγγραφής
Κύριος συγγραφέας: Valdivieso, Jaime (Συγγραφέας)
Μορφή: Βιβλίο
Γλώσσα:Ισπανικά
Έκδοση: Santiago Lom Ediciones 1995
Θέματα:
Ετικέτες: Προσθήκη ετικέτας
Δεν υπάρχουν, Καταχωρήστε ετικέτα πρώτοι!

MARC

LEADER 00000nam a2200000 a 4500
001 UCU4880
003 CL-VaPUC
008 960531e19950000CL |||||||||||||||||spa|d
082 0 4 |a 501  |b VAL  |2 21 
100 0 |a Valdivieso, Jaime  |e author  |9 362596 
245 1 0 |a Ciencia y poesía: díalogo con Claudio Teitelboim 
300 |a 79 p 
942 |c BK 
945 |d 19960531 00:00:00  |a rbrito 
260 |a Santiago  |b Lom Ediciones  |c 1995 
600 0 7 |a TEITELBOIM WEITZMANN, CLAUDIO  |2 CL-VaPUC  |9 362597 
650 0 |a Filosofía de las ciencias  |9 256466 
650 0 |a Entrevistas  |9 265537 
650 0 |a Científicos   |9 262025 
650 0 |a Poesía   |9 265825 
650 0 |a Historia y crítica   |9 257407 
583 |a last modification  |c 19960531 00:00:00  |k Rodrigo Vera 
999 |c 248408  |d 248406 
952 |0 0  |1 0  |4 0  |6 501_000000000000000_VAL_1995  |7 0  |8 A  |9 265018  |a BIBARQ  |b BIBARQ  |d 2019-11-19  |i 3205959  |o 501 VAL 1995  |p 3205959  |r 2025-01-20  |w 2019-11-19  |y BK  |k ARQ